Educación popular : teoría y práctica : cuadernos para la discusión crítica : orientaciones políticas de la educación popular /

Guardat en:
Dades bibliogràfiques
Altres autors: Ballón, Eduardo (autor) (autor)
Format: Llibre
Idioma:espanyol
Publicat: Mendoza, Argentina : Acción Popular Ecuménica : Fundación Ecuménica de Cuyo, 1986, c1986
Matèries:
Etiquetes: Afegir etiqueta
Sense etiquetes, Sigues el primer a etiquetar aquest registre!

MARC

LEADER 00000nam^a2200000^a^4500
001 000396518
005 20250526000000.0
009 20260310121431.057
037 |a Acervo ITESO - Biblioteca 
041 |a ESP 
082 |a 361. 8  |b TEO V. 3 
240 1 1 |a [Educación popular : teoría y práctica] 
245 0 0 |a Educación popular :  |b teoría y práctica : cuadernos para la discusión crítica : orientaciones políticas de la educación popular /  |c E. Ballón... [et al.]. 
264 4 |a Mendoza, Argentina :  |b Acción Popular Ecuménica :  |b Fundación Ecuménica de Cuyo,  |c 1986, c1986 
300 |a 19 p. ;  |c 28.5 cm. 
336 |a texto  |b txt  |2 rdacontenido 
337 |a sin mediación  |b n  |2 rdamedio 
338 |a volumen  |b nc  |2 rdasoporte 
649 |a XX 
650 |a Educación y Promoción Popular -  |x Teoría -  |x Tema Principal 
650 |a Educación y Política 
650 |a Sociología de la Educación 
740 0 |a Orientaciones políticas de la educación popular / 
740 0 |a Educación popular y educación política /  |c E. Ballón. 
700 |a Ballón, Eduardo  |e (autor) 
910 |a Fondo Carlos Núñez Hurtado 
920 |a Impresos - Libros 
930 |a Libros Antiguos y Raros 
905 |a 108 
901 |a 0500292096  |b IT2  |c LRA  |i D82200  |u 20250526 
902 |a https://opac.biblio.iteso.mx/vufind/Record/000396518